Voivodeships of Poland 1975-1999 Quiz - Statistics

General Stats
  • This quiz has been taken 66 times
  • The average score is 34 of 49
Answers on the Map
Answers color-coded by a green-red scale on the quiz's map according to % correct below.
 
Answer Stats
Answer % Correct
Lodz
96%
Gdańsk
94%
Wrocław
94%
Kraków
92%
Opole
92%
Szczecin
92%
Białystok
90%
Poznań
90%
Bydgoszcz
85%
Katowice
85%
Toruń
85%
Lublin
83%
Zielona Góra
83%
Rzeszow
81%
Częstochowa
79%
Olsztyn
79%
Kielce
77%
Radom
77%
Suwałki
77%
Elbląg
75%
Warszawa
75%
Bielsko Biała
73%
Gorzow Wielkopolski
73%
Tarnów
73%
Koszalin
71%
Nowy Sącz
71%
Plock
71%
Przemyśl
69%
Legnica
67%
Wałbrzych
65%
Zamość
65%
Chełm
63%
Jelenia Gora
60%
Lomża
58%
Słupsk
58%
Piła
56%
Ostrołeka
54%
Siedlce
54%
Kalisz
52%
Biała Podlaska
50%
Krosno
50%
Włocławek
50%
Konin
46%
Piotrków Trybunalski
46%
Sieradz
46%
Leszno
44%
Skierniewice
42%
Tarnobrzeg
42%
Ciechanów
38%
No matching quizzes found
Score Distribution
Percent of People with Each Score
Percentile by Number Answered
Your Score History
You have not taken this quiz